000 00261nam a2200109Ia 4500
008 190802s9999 xx 000 0 und d
100 _aZaib Malih Abadi
245 0 _aAkbar ky Nurteen
260 _aLahore
_bAlhaq Publishers
_c2002
300 _a344:p
942 _cBK
999 _c2479
_d2479